01198nam a2200289Ia 4500001000700000003000500007008004100012010001100053040000900064090001700073100003800090245019700128260004100325300001000366502007600376650003300452650003800485700003800523901001700561902000600578910000900584942000600593942000600599999001900605952014200624952014200766Z_2092CHAP220113s1996 xx 000 0 und d a165165 cCHAP aTesis M 1073 aMendieta Juárez, Armando974575 aCaracterización de la ganadería para lidia y estimación de parámetros genéticos para el comportamiento durante la tienta /cpor Armando Mendieta Juárez y Miguel Gutiérrez Dimas aChapingo, Méx. :bEl autor,c1996 a88 h. aTesis (Ing. Agr. Esp. en Zootecnia) -- UACH. Departamento de Zootecnia aGanaderíaxHistoria944745 aGanado vacunoxGenética 945470 aGutiérrez Dimas, Miguel9139193 aTESIS M 1073 aM a1996 c2 c2 c165165d165165 00102local4051708TESISaZbZd2005-11-09eEl autorl0oTesis M46 1073 1996p5101001623r2022-01-18 00:00:00tEj.1w2022-01-18yTESIS 00102local4055708TESISaZbZd2005-11-09eEl autorl0oTesis M46 1073 1996p5101001624r2022-01-18 00:00:00tEj.2w2022-01-18yTESIS